000 01330nmc a2200433 a 4500
003 AR-BaBNM
005 20251128204338.0
008 011101s1991 ||||||||||||||000 | spa||
020 _a84-7046-272-5
040 _cAR-BaBNM
100 1 _aSaussois, Nicole du
245 1 0 _aActividades en talleres para guarderías y preescolar
250 _a10ª ed.
260 _aBogotá
_bCincel-Kapelusz
_c1991
300 _a171 p.
_bil., gráfs.
490 0 _aTemas de educación preescolar
_vv. 7
500 _aLista de obras de la misma editorial
504 _aContiene bibliografía
650 4 _aEDUCACION DE LA PRIMERA INFANCIA
650 4 _aTALLERES ESCOLARES
650 4 _aTECNICAS DIDACTICAS
650 4 _aTALLERES [METODO PEDAGOGICO]
650 4 _aJUEGOS EDUCATIVOS
650 4 _aJUEGOS INFANTILES
650 4 _aACTIVIDADES DE APRENDIZAJE
650 4 _aACTIVIDADES ESCOLARES
650 4 _aEDUCACION ARTISTICA
650 4 _aEDUCACION DEL NINO
650 4 _aDESARROLLO DEL NINO
650 4 _aDESARROLLO COGNOSCITIVO
653 _aEDUCACION INICIAL
653 _aJARDINES DE INFANTES
653 _aJARDINES MATERNALES
700 1 _aHernández, Juana María
_etraductor
700 1 _aAbbadie, Madeleine
_eprologuista
800 1 _aRioja Gómez, José
_ecoordinador
942 _cBK
998 _cMARTIN
999 _c7096
_d7096